| 000 | 01091nam a2200301 i 4500 | ||
|---|---|---|---|
| 003 | DO-SdBNP | ||
| 005 | 20250918143035.0 | ||
| 007 | ta | ||
| 008 | 250918b2006 dr c|||| |||| 00| 0 spa d | ||
| 020 | _a9993462470 | ||
| 040 |
_aDO-SdBNP _bspa _cBNPHU _erda |
||
| 041 | _aspa | ||
| 082 | 4 |
_axxx _bxxx _222 |
|
| 100 |
_aCastillo Ariza, Marianela, _eautor _4aut. _925706 |
||
| 245 | 1 | 0 |
_aReumatología pediátrica / _cMarianela Castillo Ariza, Rosa Almonte Paulino |
| 264 | 1 |
_aSanto Domingo : _bEditora Universitaria-UASD, _c©2006. |
|
| 300 |
_a379 páginas : _bretratos ; _c27 cm. |
||
| 336 |
_atexto _btxt _2rdacontent |
||
| 337 |
_asin mediación _bn _2rdamedia |
||
| 338 |
_avolumen _bnc _2rdacarrier |
||
| 490 | 1 |
_aPublicaciones de la Universidad Autónoma de Santo Domingo _v1291 |
|
| 490 | 1 |
_aColección Salud y sociedad _v46 |
|
| 590 | _aInventariado, 2025/BT | ||
| 700 |
_aAlmonte Castillo, Rosa, _eautor _4aut. _988644 |
||
| 830 | 0 |
_aPublicaciones de la Universidad Autónoma de Santo Domingo _n1291 _pColección Salud y Sociedad _n46 _988645 |
|
| 910 | _aBtavárez | ||
| 942 |
_2ddc _cLBS1 |
||
| 999 |
_c59894 _d59894 |
||